al-Insān fī al-kitāb al-Muqaddas / (Record no. 46919)

MARC details
000 -LEADER
fixed length control field 00603cam a22002051a 4500
001 - CONTROL NUMBER
control field ne 64000981
003 - CONTROL NUMBER IDENTIFIER
control field DLC
005 - DATE AND TIME OF LATEST TRANSACTION
control field 20260227111758.0
008 - FIXED-LENGTH DATA ELEMENTS--GENERAL INFORMATION
fixed length control field 911226q19601969ua 000 0 ara
010 ## - LIBRARY OF CONGRESS CONTROL NUMBER
LC control number ne 64000981
035 ## - SYSTEM CONTROL NUMBER
System control number (OCoLC)25019719
040 ## - CATALOGING SOURCE
Original cataloging agency DLC
Transcribing agency MWalB
Modifying agency MWalB
-- DLC
042 ## - AUTHENTICATION CODE
Authentication code premarc
050 00 - LIBRARY OF CONGRESS CALL NUMBER
Classification number BT701.2
Item number .F7
100 1# - MAIN ENTRY--PERSONAL NAME
Personal name Fransīs, Nājī.
245 13 - TITLE STATEMENT
Title al-Insān fī al-kitāb al-Muqaddas /
Statement of responsibility, etc. taʼlīf Nājī Fransīs.
260 ## - PUBLICATION, DISTRIBUTION, ETC.
Place of publication, distribution, etc. Miṣr :
Name of publisher, distributor, etc. Dār al-Thaqāfah Musayyaḥīyah,
Date of publication, distribution, etc. [196-]
300 ## - PHYSICAL DESCRIPTION
Extent 74 p. ;
Dimensions 21 cm.
650 #0 - SUBJECT ADDED ENTRY--TOPICAL TERM
Topical term or geographic name entry element Theological anthropology
General subdivision Christianity.

No items available.

Powered by Koha